LoL Worlds Top 20 2021 - Statistics

General Stats
  • This quiz has been taken 107 times
    101 since last reset
  • The average score is 15 of 20
Answer Stats
Hint Answer % Correct
1 Showmaker
99%
2 Canyon
95%
9 Beryl
91%
8 Scout
86%
4 Viper
85%
19 Ghost
83%
13 Keria
81%
20 Chovy
79%
11 Flandre
76%
7 Khan
76%
10 Gumayusi
75%
5 Jiejie
75%
16 Ruler
75%
12 Oner
71%
18 Canna
60%
14 Gala
55%
15 Xiaohu
55%
3 Bdd
54%
17 Wei
53%
6 Clid
39%
No matching quizzes found
Score Distribution
Percent of People with Each Score
Percentile by Number Answered
Your Score History
You have not taken this quiz since the last reset